000 00319 a2200145 4500
001 168499
020 _a
040 _cMagnum
100 _aKleiman, Angela B. (Org.)
240 1 0 _aOs significados do letramento
_lpor
245 1 0 _aOs significados do letramento
362 0 _a1899
697 _aENSINO
942 _cBK
999 _c168499
_d168499